000 01055cam a22003014a 4500
001 122496
005 20230411085721.0
008 051116s2005 nyua 001 0 eng
010 _a2005057705
020 _a0312355408
040 _aDLC
_cDLCdDLC
041 _aspa
050 1 4 _GV979
_b.A573 2005
082 0 0 _a796.3523
100 1 _aAndrisani, John.
245 1 0 _aTiger's new swing :
_ban analysis of Tiger Woods' new swing technique /
_cJohn Andrisani ; foreword by Jim McLean.
260 _aNew York :
_bSt. Martin's,
_c2005.
300 _axv, 139 p., [8] p. of plates :
_bill. (some col.) ;
_c22 cm.
504 _aIncluye referencias bibligráficas e indice.
650 0 _aSwing (Golf)
650 4 _aCRV
650 4 _aColección René Villarreal.
600 1 0 _aWoods, Tiger.
856 4 2 _3Contributor biographical information
_uhttp://www.loc.gov/catdir/enhancements/fy0626/2005057705-b.html
856 4 2 _3Publisher description
_uhttp://www.loc.gov/catdir/enhancements/fy0626/2005057705-d.html
942 _2lcc
_cbk
946 _almd
999 _c106382
_d106382